| 000 | 01335cam a2200337 i 4500 | ||
|---|---|---|---|
| 001 | 12112239 | ||
| 003 | EG-ScBUE | ||
| 005 | 20250817095639.0 | ||
| 008 | 000719t2001 nyu f b 001 0 eng d | ||
| 020 | _a0471400270 (cloth : alk. paper) | ||
| 020 | _a9780471400271 | ||
| 040 |
_aDLC _beng _erda _cDLC _dDLC _dEG-ScBUE |
||
| 082 | 0 | 4 |
_a547.2 _222 _bLIN |
| 100 | 1 |
_aLin, Guo-Qiang, _d1943- _eauthor. _96319 |
|
| 245 | 1 | 0 |
_aPrinciples and applications of asymmetric synthesis / _cGuo-Qiang Lin, Yue-Ming Li, Albert S.C. Chan. |
| 264 | 1 |
_aNew York : _bJohn Wiley & Sons, _c[2001] |
|
| 264 | 4 | _cc2001 | |
| 300 |
_axvii, 515 pages : _billustrations ; _c24 cm |
||
| 336 |
_2rdacontent _atext _btxt |
||
| 337 |
_aunmediated _2rdamedia _bn |
||
| 338 |
_avolume _bnc _2rdacarrier |
||
| 504 | _aIncludes bibliographical references and index. | ||
| 650 | 7 |
_aAsymmetric synthesis. _2BUEsh _96320 |
|
| 655 | _vReading book | ||
| 700 | 1 |
_aLi, Yue-Ming, _d1966- _eauthor. _96321 |
|
| 700 | 1 |
_aChan, Albert Sun-Chi, _d1950- _eauthor. _96322 |
|
| 856 | 4 | 2 |
_3Contributor biographical information _uhttp://www.loc.gov/catdir/bios/wiley042/00043691.html |
| 856 | 4 | 2 |
_3Publisher description _uhttp://www.loc.gov/catdir/description/wiley035/00043691.html |
| 856 | 4 |
_3Table of Contents _uhttp://www.loc.gov/catdir/toc/onix06/00043691.html |
|
| 942 |
_2ddc _cBB |
||
| 999 |
_c11869 _d11869 |
||